Countries with the Highest HDI A-Z - Statistics

General Stats
  • This quiz has been taken 66 times
    27 since last reset
  • The average score is 20 of 24
Answer Stats
Score Country % Correct
G 0.950 Germany
100%
D 0.952 Denmark
96%
F 0.942 Finland
96%
B 0.942 Belgium
92%
C 0.935 Canada
92%
E 0.899 Estonia
92%
I 0.959 Iceland
92%
J 0.920 Japan
92%
N 0.966 Norway
92%
A 0.946 Australia
88%
H 0.851 Hungary
88%
Q 0.875 Qatar
88%
U 0.940 United Kingdom
88%
P 0.881 Poland
83%
S 0.967 Switzerland
83%
O 0.819 Oman
79%
Y 0.424 Yemen
79%
Z 0.569 Zambia
79%
L 0.942 Liechtenstein
71%
R 0.827 Romania
71%
K 0.847 Kuwait
63%
T 0.855 Turkey
63%
V 0.726 Vietnam
63%
M 0.915 Malta
54%
No matching quizzes found
Score Distribution
Percent of People with Each Score
Percentile by Number Answered
Your Score History
You have not taken this quiz since the last reset